Open Data Biblioteca Nacional de Portugal


República Portuguesa: Ministério da Cultura
Biblioteca Nacional de Portugal

Catálogo da BNP: acesso por Identificadores Unívocos
Registos Bibliográficos associados ao registo de autoridade

Etiqueta de registo: 00000nkm 2200025 450
001 2282126
003 http://id.bnportugal.gov.pt/bib/catbnp/2282126
100 ## $a20260320d1982 m y0pory01030103ba
101 0# $apor
102 ## $aPT
200 1# $aEncontro Os Trabalhadores e a Saúde, contra as medidas 'ad' para o sector, em defesa do Serviço Nacional de Saúde, Faculdade de Direito, 23 jan. 82$bVisual gráfico]$fUnião dos Sindicatos de Lisboa
210 #9 $aLisboa$cUnião dos Sindicatos de Lisboa,$d1982
215 ## $a1 cartaz$ccolor.$d48,2x34,8 cm
317 ## $aColeção Madeira Luís
710 02 $aEncontro Os Trabalhadores e a Saúde,$eLisboa,$f1982$31992767
712 02 $aUnião dos Sindicatos de Lisboa$4070$3208202
801 #0 $aPT$bBN$gRPC
966 ## $lBN$mICONOG$sCT. 17035 V.$x3
971 ## $cCaticonografia5$d20260320
995 ## $aPRR2026

OpendataBNP@bnportugal.pt | Mais informação sobre acesso aos dados BNP